| 000 | 00658cab a22001935a 4500 | ||
|---|---|---|---|
| 001 | L152544 | ||
| 008 | 110325e20110305xxk 000 0 eng d | ||
| 035 | _a(Sirsi) u152544 | ||
| 041 | 0 | _aeng | |
| 110 | 2 |
_aEstates Gazette _9298 |
|
| 245 | 0 | 0 | _aPower arrangers |
| 260 | _c2011 | ||
| 490 |
_aEstates Gazette _v(1109) 5 March 2011, 66-71(6) |
||
| 520 | _aIdentfies the UK property world's top 50 most powerful influencers. The list includes only a few agents while economists, bankers and politicians are well represented. | ||
| 590 | _aKA | ||
| 651 | 4 | _aUnited Kingdom | |
| 690 | _aPROPERTY-COMMERCIAL PROPERTY-COMMERCIAL PROPERTY MARKET | ||
| 942 | _n0 | ||
| 999 |
_c82999 _d82999 |
||